00445nam a2200121Ia 4500008004100000024006000041082002000101100007600121245003300197260002600230600003400256650003300290260210s9999 xx 000 0 und d a04B-064-TE, 04B-047-TE, 04B-029-TE & 04B-003-TE a621.3981072 MAS aTaha Masroor, Majid Ahmed Gabam Zubair Ahmed & Syed Saad Ahmed Shah 0aGeneral Packet Radio Service aKarachi:bUITU,c2004 aTelecommunication Engineering aBachelor of Engineering (BE)